| 000 | 00575nam a2200181 i 4500 | ||
|---|---|---|---|
| 001 | 20624 | ||
| 003 | ES-MaACL | ||
| 005 | 20230906152333.0 | ||
| 007 | t| | ||
| 008 | 021115s1928 it ||||1| ita d | ||
| 100 | 1 |
_aAcosta, José María de. _918298 |
|
| 245 | 1 | 0 |
_aEterne zitellone / _cdi José María de Acosta ; traduzione di Maria Bartolini con prefazione di Elio Lusignoli. |
| 260 |
_aRoma : _bSimboli, _c1928 ( _fRecanati) |
||
| 300 |
_aXX, 323 p. ; _c21 cm. |
||
| 700 | 1 |
_aBartolini, Maria. _926155 |
|
| 700 | 1 |
_aLusignoli, Elio. _974856 |
|
| 852 |
_aES-MaACL _jF-10208 |
||
| 999 |
_c20624 _d20624 |
||